000 00710nam a2200229 a 4500
001 114581
003 DR-UNIBE
005 20260421154941.0
008 980918s2006 ck b 001 0 spa
020 _a9588295068
040 _aDLC
_cDLC
_erda
041 _aspa
082 _aF-RD 6033
100 1 _aRamírez Bastidas, Yesid
_eautor
_9204186
245 1 0 _aDerecho penal del enemigo y democracia constitucional /
_cYesid Ramírez Bastidas
260 _aBogotá :
_bInstituto de Estudios del Ministerio Público,
_c2006
300 _a54 páginas
490 _aColección de pensamiento jurídico ;
_vno. 20
650 7 _2lemb
_aDerecho penal
650 7 _2lemb
_aDerecho constitucional
942 _2ddc
_cMX
999 _c114581
_d114581